000 00577nam a2200205 a 4500
001 63676
003 BD-RjUL
005 20211209081225.0
008 170202s1963 enkab||| |||| 00| 0 eng d
035 _a(BD-RjUL) 63805
040 _aBD-RjUL
_beng
_cBD-RjUL
041 _aeng
082 _223
_a820
_bMOL 1963
100 _a Moore, Harry Thornton
_9189108
245 _aThe life and works of D.H. Lawrence /
_cHarry Thornton Moore
260 _aNew York :
_bUnwin Books,
_c1963.
300 _a250 p.:
_bill. ;
_c18 cm.
650 _aEnglish Literature
_9185724
942 _2ddc
_cBK
999 _c63676
_d63676